000 00609nam a2200193 i 4500
001 60164
003 ES-MaACL
005 20260305063018.0
007 t|
008 031103s1909 fr ||||1| fre d
100 1 _aErnout, Alfred,
_d1879-1973
_947416
245 1 4 _aLes èléments dialectause du vocabulaire latin /
_cpar Alfred Ernout.
260 _aParís :
_b[s.n.,
_c1909] (
_eMacon :
_fProtat Frères)
300 _a253 p. ;
_c25 cm.
490 1 _aCollection linguistique ;
_v3
830 0 _aCollection linguistique ;
_v3
_9186991
852 _aES-MaACL
_jB-3911
999 _c60164
_d60164